[Event "Moscow op-C 04th (Women)"]
[Site "Moscow"]
[Date "2008.02.08"]
[Round "7"]
[White "Severina, Maria"]
[Black "Dzhabrailova, Inara"]
[Result "0-1"]
[WhiteElo "1918"]
[BlackElo "2065"]
[PlyCount "52"]
[EventDate "2008.02.02"]
[EventType "swiss"]
[EventRounds "9"]
[EventCountry "RUS"]
[SourceTitle "CBM 122 Extra"]
[Source "ChessBase"]
[SourceDate "2008.03.04"]
[SourceVersion "1"]
[SourceVersionDate "2008.03.04"]
[SourceQuality "1"]

1. d4 d5 2. c4 dxc4 3. e3 a6 4. Bxc4 Nf6 5. a4 e6 6. Nc3 c5 7. Nf3 Nc6 8. 0-0 cxd4 9. exd4 Be7 10. d5 exd5 11. Nxd5 Nxd5 12. Bxd5 0-0 13. Qb3 Nb4 14. Bc4 Bf5 15. Bf4 Bc2 16. Qe3 Rc8 17. b3 Bf6 18. Ne5 Nd5 19. Qf3 Nxf4 20. Qxf4 Rc5 21. Rae1 b5 22. Nxf7 Rxf7 23. Bxf7+ Kxf7 24. axb5 axb5 25. Qb4 Qd4 26. Qa3 Rc3 0-1

[Event "Moscow op-C 04th (Women)"]
[Site "Moscow"]
[Date "2008.02.05"]
[Round "4"]
[White "Dzhabrailova, Inara"]
[Black "Dogodkina, Julia"]
[Result "1-0"]
[WhiteElo "2065"]
[BlackElo "1917"]
[PlyCount "48"]
[EventDate "2008.02.02"]
[EventType "swiss"]
[EventRounds "9"]
[EventCountry "RUS"]
[SourceTitle "CBM 122 Extra"]
[Source "ChessBase"]
[SourceDate "2008.03.04"]
[SourceVersion "1"]
[SourceVersionDate "2008.03.04"]
[SourceQuality "1"]

1. e4 e6 2. Nf3 d5 3. Nc3 Nf6 4. e5 Nfd7 5. d4 c5 6. dxc5 Nc6 7. Bf4 Bxc5 8. Bd3 f6 9. exf6 Qxf6 10. Bg3 0-0 11. 0-0 Nd4 12. Nxd4 Bxd4 13. Qd2 Nc5 14. Rad1 Bxc3 15. bxc3 Na4 16. Rde1 Qxc3 17. Qg5 Qf6 18. Qg4 Nc5 19. Be5 Qh6 20. Re3 Nxd3 21. cxd3 Rf5 22. Qa4 g5 23. Bd6 Qg6 24. Rf3 Qf7 1-0

[Event "Noyabrsk YANAO-ch (Women)"]
[Site "Noyabrsk"]
[Date "2008.01.19"]
[Round "7"]
[White "Sanzhina, Olga"]
[Black "Dzhabrailova, Inara"]
[Result "0-1"]
[WhiteElo "1877"]
[BlackElo "2115"]
[PlyCount "60"]
[EventDate "2008.01.16"]
[EventType "tourn"]
[EventRounds "9"]
[EventCountry "RUS"]
[SourceTitle "EXT 2010"]
[Source "ChessBase"]
[SourceDate "2010.11.25"]
[SourceVersion "1"]
[SourceVersionDate "2010.11.25"]
[SourceQuality "1"]

1. e4 c5 2. Nf3 Nc6 3. d4 cxd4 4. Nxd4 Nf6 5. Nc3 d6 6. Bb5 Bd7 7. 0-0 g6 8. Be3 Bg7 9. Qd2 Ng4 10. Nxc6 bxc6 11. Bc4 Nxe3 12. Qxe3 0-0 13. Rad1 Qb6 14. Qc1 Qc5 15. Bb3 a5 16. Na4 Qb4 17. Rfe1 Be6 18. c3 Qb5 19. Bxe6 fxe6 20. Qc2 Rf4 21. c4 Qg5 22. b3 Raf8 23. Rd2 c5 24. Nc3 Be5 25. Ree2 Bd4 26. Nb5 Rg4 27. g3 Rxg3+ 28. hxg3 Qxg3+ 29. Kh1 Qh3+ 30. Kg1 Rf4 0-1

[Event "Noyabrsk YANAO-ch (Women)"]
[Site "Noyabrsk"]
[Date "2008.01.17"]
[Round "4"]
[White "Mustafina, Dinara"]
[Black "Dzhabrailova, Inara"]
[Result "0-1"]
[WhiteElo "1834"]
[BlackElo "2115"]
[PlyCount "54"]
[EventDate "2008.01.16"]
[EventType "tourn"]
[EventRounds "9"]
[EventCountry "RUS"]
[SourceTitle "EXT 2010"]
[Source "ChessBase"]
[SourceDate "2010.11.25"]
[SourceVersion "1"]
[SourceVersionDate "2010.11.25"]
[SourceQuality "1"]

1. e4 e6 2. d4 d5 3. Nd2 Nf6 4. e5 Nfd7 5. Bd3 c5 6. c3 Nc6 7. Ngf3 cxd4 8. cxd4 f6 9. exf6 Nxf6 10. 0-0 Bd6 11. Re1 0-0 12. Nf1 Qc7 13. Ng3 e5 14. dxe5 Nxe5 15. Nd4 Nfg4 16. Nb5 Qb6 17. Be3 Nxe3 18. Rxe3 Ng4 19. Nxd6 Nxe3 20. Qh5 Bf5 21. Ngxf5 Nxf5 22. Bxf5 g6 23. Be6+ Kg7 24. Qe5+ Rf6 25. Bxd5 Qxd6 26. Qxd6 Rxd6 27. Bxb7 Rb8 0-1

[Event "Noyabrsk YANAO-ch (Women)"]
[Site "Noyabrsk"]
[Date "2008.01.16"]
[Round "1"]
[White "Dzhabrailova, Inara"]
[Black "Gajduchik, Daria"]
[Result "1-0"]
[WhiteElo "2115"]
[BlackElo "1769"]
[PlyCount "31"]
[EventDate "2008.01.16"]
[EventType "tourn"]
[EventRounds "9"]
[EventCountry "RUS"]
[SourceTitle "EXT 2010"]
[Source "ChessBase"]
[SourceDate "2010.11.25"]
[SourceVersion "1"]
[SourceVersionDate "2010.11.25"]
[SourceQuality "1"]

1. e4 e5 2. Nf3 Nc6 3. d4 exd4 4. Bc4 g6 5. Nxd4 Bg7 6. c3 Na5 7. Be2 d6 8. Qa4+ c6 9. b4 b5 10. Qxa5 Bb7 11. Qxd8+ Rxd8 12. 0-0 Nf6 13. Nd2 0-0 14. f3 a6 15. N2b3 Rfe8 16. Na5 1-0

[Event "Khanty-Mansiysk Governor Cup"]
[Site "Khanty-Mansiysk"]
[Date "2007.11.25"]
[Round "5"]
[White "Abramov, Alexander"]
[Black "Dzhabrailova, Inara"]
[Result "1-0"]
[WhiteElo "2243"]
[BlackElo "2073"]
[PlyCount "53"]
[EventDate "2007.11.21"]
[EventType "swiss"]
[EventRounds "9"]
[EventCountry "RUS"]
[SourceTitle "CBM 121 Extra"]
[Source "ChessBase"]
[SourceDate "2008.01.10"]
[SourceVersion "1"]
[SourceVersionDate "2008.01.10"]
[SourceQuality "1"]

1. d4 d5 2. Nf3 Nf6 3. Bf4 c5 4. e3 e6 5. Bd3 Nc6 6. c3 Be7 7. Nbd2 cxd4 8. exd4 0-0 9. Qc2 Bd7 10. 0-0 Rc8 11. a3 h6 12. h3 Qb6 13. Rae1 Rfd8 14. Kh1 Na5 15. Rg1 Nc4 16. Rb1 Bd6 17. Bxd6 Qxd6 18. Rge1 Qf4 19. g3 Qd6 20. Ne5 Bb5 21. Ndf3 Nd7 22. Bh7+ Kf8 23. Nxf7 Kxf7 24. Qg6+ Kf8 25. Rxe6 Qc7 26. Rbe1 Ndb6 27. Rf6+ 1-0

[Event "Khanty-Mansiysk Governor Cup"]
[Site "Khanty-Mansiysk"]
[Date "2007.11.23"]
[Round "3"]
[White "Dzhabrailova, Inara"]
[Black "Pushkarev, Dmitry"]
[Result "1-0"]
[WhiteElo "2073"]
[BlackElo "2369"]
[PlyCount "67"]
[EventDate "2007.11.21"]
[EventType "swiss"]
[EventRounds "9"]
[EventCountry "RUS"]
[SourceTitle "CBM 121 Extra"]
[Source "ChessBase"]
[SourceDate "2008.01.10"]
[SourceVersion "1"]
[SourceVersionDate "2008.01.10"]
[SourceQuality "1"]

1. e4 c5 2. Nf3 Nc6 3. d4 cxd4 4. Nxd4 e5 5. Nb5 a6 6. Nd6+ Bxd6 7. Qxd6 Qf6 8. Qd1 Qg6 9. Nc3 d5 10. Nxd5 Qxe4+ 11. Be3 Nd4 12. Nc7+ Ke7 13. Nxa8 Nxc2+ 14. Kd2 Nxe3 15. fxe3 Nf6 16. Qb3 Rd8+ 17. Ke1 Ng4 18. Be2 Nxe3 19. Rf1 Nxg2+ 20. Kf2 Nf4 21. Qa3+ Rd6 22. Bf3 Qd4+ 23. Kg3 Ke8 24. h3 Nd3 25. Be4 Qe3+ 26. Rf3 Qg5+ 27. Kh2 Nf4 28. Rg1 Rd2+ 29. Kh1 Qh4 30. Nc7+ Kd8 31. Qf8+ Kd7 32. Bf5+ Kxc7 33. Rc1+ Kb8 34. Rxc8+ 1-0

[Event "RUS-ch (Women) 1st League 57th"]
[Site "Obninsk"]
[Date "2007.02.27"]
[Round "4"]
[White "Dzhabrailova, Inara"]
[Black "Semenova, Irina"]
[Result "0-1"]
[WhiteElo "2094"]
[BlackElo "2218"]
[PlyCount "84"]
[EventDate "2007.02.24"]
[EventType "swiss"]
[EventRounds "9"]
[EventCountry "RUS"]
[SourceTitle "EXT 2010"]
[Source "ChessBase"]
[SourceDate "2010.11.25"]
[SourceVersion "1"]
[SourceVersionDate "2010.11.25"]
[SourceQuality "1"]

1. e4 e5 2. Nf3 Nc6 3. d4 exd4 4. Bc4 Nf6 5. e5 Ne4 6. 0-0 Be7 7. Re1 d5 8. Bb5 Bg4 9. Nbd2 Nxd2 10. Qxd2 Bxf3 11. gxf3 Qd7 12. Bxc6 Qxc6 13. Qxd4 0-0-0 14. Qxa7 Bc5 15. Qa5 Qg6+ 16. Kh1 Bxf2 17. Rf1 Qb6 18. Qa8+ Kd7 19. Qa4+ Kc8 20. Qa8+ Kd7 21. Qa4+ Kc8 22. Qg4+ Kb8 23. Qxg7 Rhg8 24. Qxf7 Bd4 25. Qh5 Rde8 26. f4 Re6 27. f5 Rxe5 28. c3 Qb5 29. Qh3 Bb6 30. Bf4 Re7 31. f6 Rf7 32. Rae1 Qxb2 33. Bg3 Qxc3 34. Rc1 Qd4 35. Rf4 Qb2 36. Rcf1 Rgf8 37. Qe6 Qb5 38. R4f3 Qc6 39. Qe5 d4 40. Bh4 d3 41. Bg5 d2 42. Bxd2 Rxf6 0-1

[Event "RUS-ch (Women) 1st League 57th"]
[Site "Obninsk"]
[Date "2007.02.26"]
[Round "3"]
[White "Kashlinskaya, Alina"]
[Black "Dzhabrailova, Inara"]
[Result "1-0"]
[WhiteElo "2228"]
[BlackElo "2094"]
[PlyCount "61"]
[EventDate "2007.02.24"]
[EventType "swiss"]
[EventRounds "9"]
[EventCountry "RUS"]
[SourceTitle "EXT 2010"]
[Source "ChessBase"]
[SourceDate "2010.11.25"]
[SourceVersion "1"]
[SourceVersionDate "2010.11.25"]
[SourceQuality "1"]

1. d4 d5 2. c4 dxc4 3. Nf3 Nf6 4. Nc3 a6 5. e4 Bg4 6. Bxc4 Nc6 7. d5 Ne5 8. Be2 Ng6 9. Qb3 Rb8 10. Be3 Qc8 11. h3 Bxf3 12. gxf3 b5 13. a4 b4 14. Nb1 c6 15. Nd2 cxd5 16. exd5 Qb7 17. Ne4 Nxe4 18. fxe4 Ne5 19. Bf4 Nd7 20. Rc1 Rc8 21. 0-0 Nc5 22. Qe3 e5 23. Bxe5 f6 24. Bd4 Nxa4 25. Rxc8+ Qxc8 26. Rc1 Qd7 27. Bg4 Qd6 28. Rc8+ Ke7 29. e5 Qxd5 30. exf6+ Kf7 31. Qe8+ 1-0

[Event "Chigorin Memorial 13th"]
[Site "St Petersburg"]
[Date "2005.10.23"]
[Round "9"]
[White "Kuznetsova, Tatiana"]
[Black "Dzhabrailova, Inara"]
[Result "1-0"]
[WhiteElo "2030"]
[BlackElo "2111"]
[PlyCount "93"]
[EventDate "2005.10.15"]
[EventType "swiss"]
[EventRounds "9"]
[EventCountry "RUS"]
[SourceTitle "CBM 108 Extra"]
[Source "ChessBase"]
[SourceDate "2005.11.04"]
[SourceVersion "1"]
[SourceVersionDate "2005.11.04"]
[SourceQuality "1"]

1. e4 e6 2. d4 d5 3. e5 c5 4. Nf3 Qb6 5. c3 Bd7 6. Be2 Bb5 7. 0-0 Bxe2 8. Qxe2 Ne7 9. dxc5 Qxc5 10. Nd4 Nec6 11. Be3 Qe7 12. f4 Nd7 13. Nd2 Rc8 14. Rac1 f6 15. exf6 Nxf6 16. Bf2 Kf7 17. N2f3 Nxd4 18. Bxd4 Ne4 19. Ng5+ Nxg5 20. fxg5+ Ke8 21. Rce1 Rc6 22. Qg4 Qd7 23. g6 hxg6 24. Qxg6+ Kd8 25. Rf7 Qd6 26. g3 Be7 27. Qxg7 Re8 28. b4 Ra6 29. Re2 Qc6 30. Qe5 Kc8 31. Qe3 Qc4 32. Qd2 Bg5 33. Qc2 Be7 34. a4 Rc6 35. Qd2 b5 36. a5 a6 37. Qe3 Qb3 38. Kg2 Qb1 39. Re1 Qc2+ 40. Re2 Qg6 41. Ref2 Bd8 42. Ra7 e5 43. Bxe5 Qe6 44. Re2 Qf5 45. Ra8+ Kd7 46. Qa7+ Rc7 47. Rxd8+ 1-0

[Event "Chigorin Memorial 13th"]
[Site "St Petersburg"]
[Date "2005.10.22"]
[Round "8"]
[White "Dzhabrailova, Inara"]
[Black "Bagrunov, Vladimir"]
[Result "1/2-1/2"]
[WhiteElo "2111"]
[BlackElo "2068"]
[PlyCount "155"]
[EventDate "2005.10.15"]
[EventType "swiss"]
[EventRounds "9"]
[EventCountry "RUS"]
[SourceTitle "CBM 108 Extra"]
[Source "ChessBase"]
[SourceDate "2005.11.04"]
[SourceVersion "1"]
[SourceVersionDate "2005.11.04"]
[SourceQuality "1"]

1. e4 e6 2. Nf3 d5 3. Nc3 Nf6 4. e5 Nfd7 5. d4 c5 6. dxc5 Bxc5 7. Bd3 Nc6 8. Bf4 h6 9. h4 a6 10. Qe2 Nd4 11. Qd2 Nxf3+ 12. gxf3 Bd4 13. 0-0-0 Qa5 14. Rde1 Bxc3 15. Qxc3 Qxc3 16. bxc3 h5 17. c4 dxc4 18. Bxc4 b5 19. Be2 Bb7 20. Rd1 Bd5 21. a4 bxa4 22. c4 Bxc4 23. Bxc4 Rc8 24. Rd4 Nb6 25. Kb1 Nxc4 26. Rc1 Na3+ 27. Kb2 Rxc1 28. Bxc1 Nb5 29. Rxa4 Nc7 30. Kc3 0-0 31. Kc4 Rc8 32. Bd2 Nd5+ 33. Kd3 Rc6 34. f4 Ne7 35. f3 Kh7 36. Ra1 Ng6 37. Rb1 Rc8 38. Ra1 Ra8 39. Ke4 Ne7 40. Bb4 Nc6 41. Bd2 g6 42. Rc1 Rc8 43. Ra1 Nb8 44. Rb1 Kg7 45. Ra1 Kf8 46. Rb1 Ke8 47. Rb7 Nd7 48. Ra7 Nb8 49. Rb7 Nc6 50. Rb6 a5 51. Ra6 Kd7 52. Ke3 Rc7 53. Kf2 Ra7 54. Rxa7+ Nxa7 55. Bxa5 Kc6 56. Ke3 Kd5 57. Bd8 Nc6 58. Bf6 Nb4 59. Bg5 Na6 60. Be7 Kc4 61. Ke4 Nc7 62. Bd8 Nd5 63. Bg5 Kc3 64. Bh6 Kc2 65. Bg5 Kd1 66. Kd4 Ke2 67. Kc5 Kxf3 68. Kd6 Kg4 69. Kd7 Nxf4 70. Ke7 Kf5 71. Bxf4 Kxf4 72. Kxf7 Kxe5 73. Kxg6 Kf4 74. Kxh5 e5 75. Kg6 e4 76. h5 e3 77. h6 e2 78. h7 1/2-1/2

[Event "Chigorin Memorial 13th"]
[Site "St Petersburg"]
[Date "2005.10.19"]
[Round "5"]
[White "Achang, Andrei"]
[Black "Dzhabrailova, Inara"]
[Result "1-0"]
[WhiteElo "2238"]
[BlackElo "2111"]
[PlyCount "39"]
[EventDate "2005.10.15"]
[EventType "swiss"]
[EventRounds "9"]
[EventCountry "RUS"]
[SourceTitle "CBM 108 Extra"]
[Source "ChessBase"]
[SourceDate "2005.11.04"]
[SourceVersion "1"]
[SourceVersionDate "2005.11.04"]
[SourceQuality "1"]

1. d4 d5 2. c4 dxc4 3. e4 Nc6 4. d5 Ne5 5. Bf4 Nd3+ 6. Bxd3 cxd3 7. Nc3 e6 8. Qxd3 Nf6 9. 0-0-0 exd5 10. exd5 Bd6 11. Re1+ Kf8 12. Bg5 h6 13. Bh4 g5 14. Bg3 Bb4 15. Nge2 Bg4 16. Qd4 c5 17. dxc6 Qxd4 18. Nxd4 Bxc3 19. cxb7 Rd8 20. bxc3 1-0

[Event "Chigorin Memorial 13th"]
[Site "St Petersburg"]
[Date "2005.10.16"]
[Round "2"]
[White "Dzhabrailova, Inara"]
[Black "Ponfilenok, Vladimir"]
[Result "0-1"]
[WhiteElo "2111"]
[BlackElo "2256"]
[PlyCount "52"]
[EventDate "2005.10.15"]
[EventType "swiss"]
[EventRounds "9"]
[EventCountry "RUS"]
[SourceTitle "CBM 108 Extra"]
[Source "ChessBase"]
[SourceDate "2005.11.04"]
[SourceVersion "1"]
[SourceVersionDate "2005.11.04"]
[SourceQuality "1"]

1. e4 e6 2. d4 d5 3. Nd2 c5 4. exd5 exd5 5. Bb5+ Bd7 6. Bxd7+ Nxd7 7. Ngf3 Ngf6 8. 0-0 Be7 9. dxc5 Nxc5 10. Nb3 Nce4 11. Nfd4 Qd7 12. Re1 0-0 13. f3 Nd6 14. Bg5 Nc4 15. Rb1 Rae8 16. Qd3 Bd8 17. Rxe8 Rxe8 18. c3 h6 19. Bxf6 Bxf6 20. Nf5 h5 21. Qc2 g6 22. Nfd4 Qe7 23. a4 Bg5 24. Qd1 Qe3+ 25. Kh1 Nxb2 26. Qf1 Nxa4 0-1

[Event "RUS-ch U20 Girls"]
[Site "Nojabrsk"]
[Date "2005.03.11"]
[Round "10"]
[White "Chistiakova, Tamara"]
[Black "Dzhabrailova, Inara"]
[Result "1-0"]
[WhiteElo "2310"]
[BlackElo "2176"]
[PlyCount "49"]
[EventDate "2005.03.02"]
[EventType "tourn"]
[EventRounds "11"]
[EventCountry "RUS"]
[EventCategory "2"]
[SourceTitle "CBM 105 Extra"]
[Source "ChessBase"]
[SourceDate "2005.05.01"]
[SourceVersion "1"]
[SourceVersionDate "2005.05.01"]
[SourceQuality "1"]

1. d4 d5 2. Bf4 Nf6 3. e3 e6 4. c3 c5 5. Nf3 Nc6 6. Nbd2 Be7 7. h3 0-0 8. Bd3 Qb6 9. Qc2 h6 10. g4 Bd7 11. g5 hxg5 12. Bxg5 Rac8 13. Ne5 cxd4 14. Bxf6 Nxe5 15. Bxe5 dxe3 16. 0-0-0 exd2+ 17. Qxd2 f6 18. Rhg1 g5 19. Bd4 Qa5 20. h4 Qxa2 21. hxg5 Qa1+ 22. Bb1 fxg5 23. Rxg5+ Bxg5 24. Qxg5+ Kf7 25. Rh1 1-0

[Event "RUS-ch U20 Girls"]
[Site "Nojabrsk"]
[Date "2005.03.08"]
[Round "7"]
[White "Dzhabrailova, Inara"]
[Black "Kursova, Maria"]
[Result "0-1"]
[WhiteElo "2176"]
[BlackElo "2308"]
[PlyCount "66"]
[EventDate "2005.03.02"]
[EventType "tourn"]
[EventRounds "11"]
[EventCountry "RUS"]
[EventCategory "2"]
[SourceTitle "CBM 105 Extra"]
[Source "ChessBase"]
[SourceDate "2005.05.01"]
[SourceVersion "1"]
[SourceVersionDate "2005.05.01"]
[SourceQuality "1"]

1. e4 c5 2. Nf3 e6 3. d4 cxd4 4. Nxd4 a6 5. Bd3 Bc5 6. Nb3 Be7 7. Qg4 g6 8. Qe2 d6 9. a4 b6 10. a5 b5 11. Na3 Nf6 12. c4 b4 13. Nc2 Nc6 14. Bh6 Nd7 15. 0-0 Nc5 16. Ncd4 Nxd4 17. Nxd4 Bb7 18. Bc2 Bg5 19. Ba4+ Nxa4 20. Bxg5 Qxg5 21. Rxa4 Rb8 22. Rxb4 0-0 23. Nb3 Bxe4 24. f4 Qxg2+ 25. Qxg2 Bxg2 26. Rxb8 Rxb8 27. Rf2 Rxb3 28. Kxg2 Kf8 29. Rd2 Ke7 30. Rc2 Kd7 31. Re2 Kc6 32. Rd2 Kc5 33. Rc2 Rb4 0-1

[Event "RUS-ch U18 Girls"]
[Site "Dagomys"]
[Date "2004.04.??"]
[Round "?"]
[White "Dzhabrailova, Inara"]
[Black "Chistiakova, Tamara"]
[Result "0-1"]
[WhiteElo "2164"]
[BlackElo "2297"]
[PlyCount "72"]
[EventDate "2004.04.??"]
[EventType "swiss"]
[EventRounds "10"]
[EventCountry "RUS"]
[SourceTitle "EXT 2005"]
[Source "ChessBase"]
[SourceDate "2004.11.15"]
[SourceVersion "1"]
[SourceVersionDate "2004.11.15"]
[SourceQuality "1"]

1. e4 c5 2. Nf3 d6 3. d4 cxd4 4. Nxd4 Nf6 5. Nc3 Nc6 6. g3 e5 7. Nde2 Be7 8. Bg2 0-0 9. 0-0 Rb8 10. a4 a6 11. Nd5 b5 12. axb5 axb5 13. Nec3 Nd7 14. Be3 Nc5 15. b4 Na6 16. Rb1 Bg5 17. Qd3 Bxe3 18. fxe3 Bd7 19. Rfd1 Qg5 20. Nxb5 Ncxb4 21. Nxb4 Bxb5 22. c4 Nc5 23. Qc3 Ba4 24. Rxd6 Rb7 25. Rd5 Na6 26. Ra5 Nxb4 27. Rxb4 Rxb4 28. Qxb4 Qxe3+ 29. Kf1 Bc2 30. Ra3 Bd3+ 31. Rxd3 Qxd3+ 32. Kf2 Qd4+ 33. Ke2 Ra8 34. Qb3 h5 35. Qc2 Ra3 36. c5 Qe3+ 0-1

[Event "RUS-ch U20 Girls"]
[Site "Samara"]
[Date "2004.03.09"]
[Round "8"]
[White "Dzhabrailova, Inara"]
[Black "Kursova, Maria"]
[Result "0-1"]
[WhiteElo "2164"]
[BlackElo "2311"]
[PlyCount "74"]
[EventDate "2004.03.??"]
[EventType "swiss"]
[EventRounds "11"]
[EventCountry "RUS"]
[SourceTitle "EXT 2005"]
[Source "ChessBase"]
[SourceDate "2004.11.15"]
[SourceVersion "1"]
[SourceVersionDate "2004.11.15"]
[SourceQuality "1"]

1. e4 c5 2. Nf3 e6 3. d4 cxd4 4. Nxd4 a6 5. Bd3 Bc5 6. Nb3 Be7 7. Qg4 g6 8. Qe2 d6 9. a4 b6 10. a5 b5 11. Na3 Nc6 12. c4 b4 13. Nc2 Qc7 14. 0-0 Nf6 15. Bh6 Nd7 16. Bf4 Qb7 17. Bg3 0-0 18. Rfd1 Rd8 19. Nbd4 Nxd4 20. Nxd4 Nc5 21. Bc2 b3 22. Bb1 e5 23. Nf3 Be6 24. Nd2 Rac8 25. Rc1 Bg5 26. f3 Qb4 27. Be1 Qb8 28. Rc3 Rd7 29. Ra3 Rb7 30. Qd1 Bxd2 31. Bxd2 Rb4 32. Be3 Bxc4 33. Bxc5 dxc5 34. Bd3 Rd8 35. Qf1 Bxd3 36. Rxd3 Rxd3 37. Qxd3 c4 0-1

[Event "RUS-ch U20 Girls"]
[Site "Samara"]
[Date "2004.03.06"]
[Round "5"]
[White "Kharmunova, Nadezhda"]
[Black "Dzhabrailova, Inara"]
[Result "0-1"]
[WhiteElo "2195"]
[BlackElo "2164"]
[PlyCount "104"]
[EventDate "2004.03.??"]
[EventType "swiss"]
[EventRounds "11"]
[EventCountry "RUS"]
[SourceTitle "EXT 2005"]
[Source "ChessBase"]
[SourceDate "2004.11.15"]
[SourceVersion "1"]
[SourceVersionDate "2004.11.15"]
[SourceQuality "1"]

1. e4 c5 2. d3 Nc6 3. g3 g6 4. Bg2 Bg7 5. Ne2 e6 6. c4 Nge7 7. Nbc3 0-0 8. 0-0 Nd4 9. Bg5 h6 10. Bf4 d6 11. Nxd4 cxd4 12. Ne2 e5 13. Bd2 Be6 14. b4 Qd7 15. a4 f5 16. a5 fxe4 17. Bxe4 d5 18. cxd5 Bxd5 19. Qa4 Qg4 20. f3 Qe6 21. Kg2 Bxe4 22. fxe4 Qg4 23. Ng1 Qe6 24. Qa2 Qxa2 25. Rxa2 Rxf1 26. Kxf1 Rc8 27. a6 b6 28. Nf3 Kf7 29. Ne1 b5 30. Nc2 Rc6 31. Na1 Rb6 32. Nb3 Nc6 33. Nc5 Nb8 34. g4 Bf8 35. Rc2 Ke8 36. Nb7 Nxa6 37. Rc8+ Kf7 38. Nd8+ Kg7 39. Nc6 Bd6 40. Nxa7 Nxb4 41. Rd8 Nxd3 42. Nc8 Rb8 43. Rd7+ Kf6 44. Rxd6+ Kf7 45. Nb6 Nc5 46. Bxh6 Nxe4 47. Rc6 d3 48. Ke1 Rh8 49. g5 Rd8 50. Rc7+ Ke6 51. Kd1 d2 52. Rc6+ Kf5 0-1

[Event "RUS-ch U20 Girls"]
[Site "Samara"]
[Date "2004.03.03"]
[Round "2"]
[White "Dzhabrailova, Inara"]
[Black "Masyagutova, Leisan"]
[Result "1-0"]
[WhiteElo "2164"]
[BlackElo "2016"]
[PlyCount "63"]
[EventDate "2004.03.??"]
[EventType "swiss"]
[EventRounds "11"]
[EventCountry "RUS"]
[SourceTitle "EXT 2005"]
[Source "ChessBase"]
[SourceDate "2004.11.15"]
[SourceVersion "1"]
[SourceVersionDate "2004.11.15"]
[SourceQuality "1"]

1. e4 c5 2. Nc3 e6 3. Nf3 b6 4. d4 Bb7 5. d5 exd5 6. exd5 d6 7. Bb5+ Nd7 8. Qe2+ Be7 9. Ne4 Qc7 10. Bf4 0-0-0 11. 0-0-0 h6 12. Bc6 Ngf6 13. Nc3 Rhe8 14. Qc4 g5 15. Bd2 Bf8 16. Rhe1 Bg7 17. Nb5 Qb8 18. Nbd4 g4 19. Nf5 gxf3 20. Nxg7 Rg8 21. Nf5 Rxg2 22. Bf4 Nf8 23. Bxb7+ Kxb7 24. Re7+ Ka8 25. Qb5 Qc8 26. Nxd6 Rxd6 27. Bxd6 N8d7 28. Qc6+ Qxc6 29. dxc6 Nf8 30. Rxf7 N8h7 31. c7 Rg8 32. Be7 1-0

[Event "Arctic Cup U16"]
[Site "Salekhard"]
[Date "2003.10.10"]
[Round "8"]
[White "Lupik, Marina"]
[Black "Dzhabrailova, Inara"]
[Result "0-1"]
[WhiteElo "2101"]
[BlackElo "2180"]
[PlyCount "72"]
[EventDate "2003.10.05"]
[EventType "team"]
[EventRounds "9"]
[EventCountry "RUS"]
[SourceTitle "CBM 096 Extra"]
[Source "ChessBase"]
[SourceDate "2003.10.22"]
[SourceVersion "2"]
[SourceVersionDate "2003.10.20"]
[SourceQuality "1"]

1. d4 d5 2. c4 dxc4 3. Nf3 Nf6 4. e3 e6 5. Bxc4 a6 6. a4 c5 7. 0-0 Nc6 8. Nc3 cxd4 9. exd4 Nd5 10. Be3 Be7 11. Qe2 0-0 12. Rad1 Ncb4 13. Ne5 Nxc3 14. bxc3 Nd5 15. Bd3 Qa5 16. Qc2 Qxc3 17. Bxh7+ Kh8 18. Nxf7+ Rxf7 19. Qg6 Rf8 20. Bh6 Bf6 21. Rd3 Qc7 22. Rg3 Qf7 23. Bxg7+ Bxg7 24. Qc2 Qc7 25. Qb1 e5 26. Rg5 Bh6 27. Rxe5 Qxh7 28. Rxd5 Qxb1 29. Rxb1 Bf5 30. Rb6 Bg7 31. Rxb7 Rad8 32. Ra5 Rxd4 33. h3 Bc8 34. Rc7 Rd1+ 35. Kh2 Be6 36. Rc6 Bd5 0-1

[Event "Arctic Cup U16"]
[Site "Salekhard"]
[Date "2003.10.07"]
[Round "3"]
[White "Dzhabrailova, Inara"]
[Black "Muhren, Bianca"]
[Result "1/2-1/2"]
[WhiteElo "2180"]
[BlackElo "2131"]
[PlyCount "239"]
[EventDate "2003.10.05"]
[EventType "team"]
[EventRounds "9"]
[EventCountry "RUS"]
[SourceTitle "CBM 096 Extra"]
[Source "ChessBase"]
[SourceDate "2003.10.22"]
[SourceVersion "2"]
[SourceVersionDate "2003.10.20"]
[SourceQuality "1"]

1. e4 c5 2. Nf3 e6 3. d4 cxd4 4. Nxd4 Nf6 5. Nc3 d6 6. Be3 Be7 7. g4 h6 8. h3 Nc6 9. Qe2 Nxd4 10. Bxd4 0-0 11. 0-0-0 Qa5 12. f4 e5 13. Be3 exf4 14. Bxf4 Be6 15. Bg2 Rac8 16. Qb5 Qc7 17. e5 dxe5 18. Bxe5 Qc5 19. Qxc5 Rxc5 20. Bd4 Ra5 21. Bxb7 Rb8 22. Bf3 Ne8 23. Rhe1 Rd8 24. a3 Rb8 25. Be5 Rb6 26. Bd4 Rb8 27. Ne4 Nc7 28. Bc3 Rab5 29. a4 Rd5 30. Rxd5 Nxd5 31. Be5 Rc8 32. Bd6 Bh4 33. Re2 Nb6 34. a5 Nc4 35. Bb4 Bd8 36. a6 Rb8 37. Bc3 Rb6 38. b3 Na3 39. Ba5 Rb8 40. Bxd8 Rxd8 41. c4 Rb8 42. Nc5 Nxc4 43. bxc4 Bxc4 44. Rc2 Bf1 45. h4 Rb6 46. Rb2 Rf6 47. Rb8+ Kh7 48. Be4+ g6 49. Bb7 Rf4 50. Kd2 Rxg4 51. Ra8 Rc4 52. Ke1 Bh3 53. Ne4 Be6 54. Rxa7 Kg7 55. Ba8 Ra4 56. Nc5 Ra1+ 57. Kf2 Bc4 58. Bb7 Ra5 59. Ne4 g5 60. hxg5 hxg5 61. Bc8 Kg6 62. Rc7 Ra2+ 63. Ke3 Bxa6 64. Rc6+ Kg7 65. Bxa6 Ra3+ 66. Kd4 Ra5 67. Bc4 Rf5 68. Rc7 Kg6 69. Nd6 Rf4+ 70. Ke3 f6 71. Bd3+ Kh5 72. Rh7+ Kg4 73. Be2+ Kg3 74. Ne4+ Kg2 75. Nd2 Rh4 76. Bf1+ Kg3 77. Ne4+ Kg4 78. Nxf6+ Kf5 79. Rxh4 gxh4 80. Nh5 h3 81. Bxh3+ Ke5 82. Nf4 Kf6 83. Ke4 Ke7 84. Ke5 Kf7 85. Be6+ Kg7 86. Kf5 Kh8 87. Ng6+ Kg7 88. Kg5 Kh7 89. Kf6 Kh6 90. Ne5 Kh7 91. Bf5+ Kh8 92. Kg6 Kg8 93. Nf7 Kf8 94. Kf6 Kg8 95. Be4 Kf8 96. Nh6 Ke8 97. Bd5 Kd7 98. Nf7 Ke8 99. Ne5 Kd8 100. Ke6 Kc7 101. Nc4 Kd8 102. Bc6 Kc7 103. Kd5 Kc8 104. Kd6 Kd8 105. Ne5 Kc8 106. Bb5 Kb7 107. Nc4 Kc8 108. Bc6 Kd8 109. Na5 Kc8 110. Bd7+ Kb8 111. Nc4 Kb7 112. Be6 Ka6 113. Kc6 Ka7 114. Nb6 Ka6 115. Kc5 Ka5 116. Bd7 Ka6 117. Bb5+ Kb7 118. Nd5 Kc8 119. Kd6 Kd8 120. Ne7 1/2-1/2